000 00585nam a2200229Ia 4500
003 OSt
005 20221007075622.0
006 a|||||r|||| 00| 0
007 ta
008 221006b |||||||| |||| 00| 0 eng d
024 _a29,928
037 _cTextual
040 _aFLL
_cFLL
_beng
041 _2eng
_aeng
082 _aX:89, L8
100 _aKumar H.L.
245 0 _aFactory management
260 _aNew Delhi
_bMetropolitan Book Company Pvt. Ltd. India
_c1978
300 _a400p
_ccm.
942 _hX:89, L8
_cTEXL
_2CC
999 _c1156768
_d1156768